[Event "Zudov Memorial-A 8th"]
[Site "Nizhnij Tagil"]
[Date "2012.10.14"]
[Round "11"]
[White "Kazakov, Konstantin"]
[Black "Putilov, Vladimir"]
[Result "1-0"]
[WhiteElo "2286"]
[BlackElo "2181"]
[PlyCount "51"]
[EventDate "2012.10.07"]
[EventType "tourn"]
[EventRounds "14"]
[EventCountry "RUS"]
[EventCategory "2"]
[SourceTitle "EXT 2013"]
[Source "ChessBase"]
[SourceDate "2012.11.22"]
[SourceVersion "1"]
[SourceVersionDate "2012.11.22"]
[SourceQuality "1"]

1. e4 c6 2. d4 d5 3. e5 Bf5 4. Nf3 e6 5. Be2 Nd7 6. 0-0 Ne7 7. Re1 c5 8. Nc3 a6 9. dxc5 Nc6 10. Be3 Ndxe5 11. Nxe5 Nxe5 12. Bd4 Nc6 13. Bf3 Qh4 14. Nxd5 Nxd4 15. Nc7+ Kd7 16. Nxa8 Bxc2 17. Qd2 Bxc5 18. Bxb7 Rb8 19. Qa5 Nb5 20. Re2 Qc4 21. Rd2+ Ke7 22. Qxa6 Bf5 23. Qc6 Kf6 24. Nb6 Qb4 25. Nd5+ Kg6 26. Nxb4 1-0

[Event "Zudov Memorial-A 8th"]
[Site "Nizhnij Tagil"]
[Date "2012.10.07"]
[Round "2"]
[White "Pogromsky, Mikhail"]
[Black "Putilov, Vladimir"]
[Result "1-0"]
[WhiteElo "2411"]
[BlackElo "2181"]
[PlyCount "103"]
[EventDate "2012.10.07"]
[EventType "tourn"]
[EventRounds "14"]
[EventCountry "RUS"]
[EventCategory "2"]
[SourceTitle "EXT 2013"]
[Source "ChessBase"]
[SourceDate "2012.11.22"]
[SourceVersion "1"]
[SourceVersionDate "2012.11.22"]
[SourceQuality "1"]

1. d4 Nf6 2. c4 e6 3. Nf3 d5 4. Nc3 a6 5. cxd5 exd5 6. Bg5 Be6 7. Qb3 Nbd7 8. Qxb7 Rb8 9. Qxa6 Rxb2 10. Bc1 Rb6 11. Qd3 Bb4 12. Bd2 0-0 13. e3 c5 14. Na4 c4 15. Qc2 Bxd2+ 16. Nxd2 Rb4 17. Nc3 Qa5 18. Be2 Rfb8 19. Rb1 Rxb1+ 20. Ndxb1 Ne4 21. 0-0 Bf5 22. Qc1 Ndf6 23. f3 Nxc3 24. Nxc3 h5 25. e4 dxe4 26. fxe4 Nxe4 27. Nxe4 Bxe4 28. Bxc4 Bg6 29. Qf4 Rb7 30. Bb3 Kh7 31. h3 Re7 32. Rd1 Qc3 33. d5 Re2 34. Qf3 Qc5+ 35. Kf1 Re3 36. Qf2 Qb5+ 37. Kg1 Re2 38. Qg3 Be4 39. d6 Bxg2 40. Qd3+ Qxd3 41. Rxd3 Bxh3 42. Rxh3 Kg6 43. Rg3+ Kf6 44. Rf3+ Ke5 45. Rd3 Ke4 46. Rd1 Kf3 47. Bd5+ Kg3 48. d7 g5 49. d8Q f6 50. Rd3+ Kh4 51. Rd4+ Kg3 52. Qb8+ 1-0

[Event "Urals-ch"]
[Site "Satka"]
[Date "2012.03.30"]
[Round "7"]
[White "Putilov, Vladimir"]
[Black "Matsenko, Sergei"]
[Result "0-1"]
[WhiteElo "2180"]
[BlackElo "2468"]
[PlyCount "84"]
[EventDate "2012.03.24"]
[EventType "swiss"]
[EventRounds "9"]
[EventCountry "RUS"]
[SourceTitle "CBM 147 Extra"]
[Source "ChessBase"]
[SourceDate "2012.04.24"]
[SourceVersion "1"]
[SourceVersionDate "2012.04.24"]
[SourceQuality "1"]

1. e4 c5 2. Nf3 Nc6 3. Bb5 e6 4. Bxc6 bxc6 5. d3 Ne7 6. Qe2 Qc7 7. h4 h5 8. e5 Nf5 9. Qe4 Bb7 10. Nc3 Rb8 11. 0-0 c4 12. dxc4 c5 13. Qd3 Bxf3 14. Qxf3 Nxh4 15. Qe4 Be7 16. Nb5 Qb7 17. Qxb7 Rxb7 18. Rd1 Nf5 19. b3 a6 20. Na3 f6 21. Bf4 g5 22. Bh2 g4 23. Bf4 h4 24. Rd3 fxe5 25. Bxe5 Rh5 26. Re1 d6 27. Bb2 e5 28. Nb1 Bd8 29. Nc3 Rg7 30. Nd5 Kf7 31. b4 cxb4 32. c5 dxc5 33. Rxe5 c4 34. Rd1 c3 35. Bc1 Bf6 36. Re4 g3 37. Nf4 Rh8 38. Rxb4 Re8 39. Nh5 Bd4 40. Nxg7 Re1+ 41. Rxe1 gxf2+ 42. Kf1 Ng3# 0-1

[Event "Urals-ch"]
[Site "Satka"]
[Date "2012.03.29"]
[Round "6"]
[White "Rivonenko, Vladislav"]
[Black "Putilov, Vladimir"]
[Result "0-1"]
[WhiteElo "2025"]
[BlackElo "2180"]
[PlyCount "76"]
[EventDate "2012.03.24"]
[EventType "swiss"]
[EventRounds "9"]
[EventCountry "RUS"]
[SourceTitle "CBM 147 Extra"]
[Source "ChessBase"]
[SourceDate "2012.04.24"]
[SourceVersion "1"]
[SourceVersionDate "2012.04.24"]
[SourceQuality "1"]

1. e4 c6 2. d4 d5 3. Nd2 dxe4 4. Nxe4 Bf5 5. Ng3 Bg6 6. Bc4 e6 7. N1e2 Nf6 8. 0-0 Bd6 9. h4 h6 10. Nf4 Bh7 11. Re1 0-0 12. c3 Qc7 13. Ngh5 Nbd7 14. Nxf6+ Nxf6 15. Nh5 Qe7 16. Nf4 Qc7 17. Nh5 Qe7 18. Nf4 Qd8 19. Qf3 Nd5 20. h5 Qf6 21. Bxd5 cxd5 22. Qg4 b5 23. Be3 a5 24. Rac1 Rfc8 25. Bd2 Bf5 26. Qf3 Rab8 27. Nd3 Qh4 28. Ne5 Rc7 29. Bf4 Be4 30. Rxe4 dxe4 31. Qxe4 Qxh5 32. g4 Qh3 33. f3 f5 34. Qe2 fxg4 35. fxg4 Rf8 36. Rf1 Bxe5 37. Qxe5 Qxg4+ 38. Kh2 Rcf7 0-1

[Event "Urals-ch"]
[Site "Satka"]
[Date "2012.03.27"]
[Round "4"]
[White "Belyakov, Bogdan"]
[Black "Putilov, Vladimir"]
[Result "1/2-1/2"]
[WhiteElo "2309"]
[BlackElo "2180"]
[PlyCount "82"]
[EventDate "2012.03.24"]
[EventType "swiss"]
[EventRounds "9"]
[EventCountry "RUS"]
[SourceTitle "CBM 147 Extra"]
[Source "ChessBase"]
[SourceDate "2012.04.24"]
[SourceVersion "1"]
[SourceVersionDate "2012.04.24"]
[SourceQuality "1"]

1. e4 c6 2. d4 d5 3. Nc3 dxe4 4. Nxe4 Bf5 5. Ng3 Bg6 6. Bc4 e6 7. N1e2 Nf6 8. 0-0 c5 9. c3 Nc6 10. Nf4 cxd4 11. Bxe6 Be7 12. Nxg6 hxg6 13. Bc4 dxc3 14. bxc3 0-0 15. Qc2 Rc8 16. Rb1 Qc7 17. Re1 Bd6 18. Bg5 Nb4 19. cxb4 Qxc4 20. Qd2 Bxg3 21. hxg3 Ne4 22. Qe3 Nxg5 23. Qxg5 Qxa2 24. Rbd1 Qc4 25. Qe7 Qb5 26. Rd7 b6 27. Re5 Qa4 28. Rxa7 Rc1+ 29. Kh2 Qd1 30. Qxf8+ Kh7 31. g4 Qg1+ 32. Kg3 Rc3+ 33. Re3 Rxe3+ 34. fxe3 Qxe3+ 35. Kh2 Qf4+ 36. Kh1 Qf1+ 37. Kh2 Qf4+ 38. Kg1 Qc1+ 39. Kf2 Qd2+ 40. Kf1 Qd1+ 41. Kf2 Qd2+ 1/2-1/2

[Event "Urals-ch"]
[Site "Satka"]
[Date "2012.03.25"]
[Round "2"]
[White "Gusarov, Grigory"]
[Black "Putilov, Vladimir"]
[Result "1-0"]
[WhiteElo "2337"]
[BlackElo "2180"]
[PlyCount "81"]
[EventDate "2012.03.24"]
[EventType "swiss"]
[EventRounds "9"]
[EventCountry "RUS"]
[SourceTitle "CBM 147 Extra"]
[Source "ChessBase"]
[SourceDate "2012.04.24"]
[SourceVersion "1"]
[SourceVersionDate "2012.04.24"]
[SourceQuality "1"]

1. d4 d5 2. Nf3 Nf6 3. c4 e6 4. Nc3 a6 5. cxd5 exd5 6. Bg5 Be7 7. Qb3 c6 8. e3 Nbd7 9. Bd3 Nf8 10. 0-0 Ng6 11. Qc2 0-0 12. Ne5 Ng4 13. Bxe7 Qxe7 14. Nxg4 Bxg4 15. Rae1 Rae8 16. f3 Bd7 17. Na4 Qg5 18. Nb6 Re7 19. f4 Qh6 20. f5 Nh8 21. e4 dxe4 22. f6 gxf6 23. Bxe4 Be6 24. d5 cxd5 25. Bxd5 Rfe8 26. Bxe6 Rxe6 27. Rxe6 fxe6 28. Nd7 f5 29. Qb3 Re7 30. Qxb7 Ng6 31. Qc8+ Kf7 32. Nb8 Qe3+ 33. Kh1 Qe2 34. Qxa6 Qxb2 35. Nc6 h5 36. Nxe7 Nxe7 37. Qc4 Nd5 38. Re1 Ne3 39. Qe2 Qxe2 40. Rxe2 f4 41. Rxe3 1-0